Reconstruction /

This instructional video, produced by the Mayo Clinic, is about reconstructive surgery.

Bibliographic Details
Format: Video
Language:English
Language Notes:In English.
Published: Rochester, MN : Mayo Clinic, 2009.
Series:Academic Video Online
Subjects:
Online Access:Connect to this streaming video (Alexander Street Press)

MARC

Tag First Indicator Second Indicator Subfields
LEADER 00000cgm a2200000Mi 4500
001 in00005583713
006 m o c
007 cr |n||||||||a
007 vz |za|z|
008 180918s2009 mnu002 e o vueng d
005 20241201232846.1
035 |a (OCoLC)on1057000774 
040 |a ALSTP  |b eng  |e rda  |e pn  |c ALSTP  |d OCLCO  |d OCLCF  |d ICW  |d SPI  |d IBE  |d IAY  |d JVQ  |d SOI  |d IDJ  |d IAV  |d ICI  |d IAA  |d ICD  |d II2  |d ICA  |d IAT  |d UPM  |d OCLCQ  |d OCLCO  |d CAUOI  |d OCLCO  |d OCLCA  |d OCLCO  |d OCLCQ  |d OCLCL  |d NUI  |d OCLCQ 
019 |a 1373491007  |a 1430853241  |a 1443960398 
035 |a (OCoLC)1057000774  |z (OCoLC)1373491007  |z (OCoLC)1430853241  |z (OCoLC)1443960398 
082 0 4 |a 791.43/72  |q OCoLC  |2 22/eng/20230216 
049 |a TXAM 
245 0 0 |a Reconstruction /  |c Mayo Clinic Patient Education. 
264 1 |a Rochester, MN :  |b Mayo Clinic,  |c 2009. 
300 |a 1 online resource (2 min.) 
306 |a 000147 
336 |a two-dimensional moving image  |b tdi  |2 rdacontent 
337 |a computer  |b c  |2 rdamedia 
337 |a video  |b v  |2 rdamedia 
338 |a online resource  |b cr  |2 rdacarrier 
347 |a video file  |2 rda 
490 0 |a Academic Video Online 
500 |a Title from resource description page (viewed September 18, 2018). 
520 |a This instructional video, produced by the Mayo Clinic, is about reconstructive surgery. 
546 |a In English. 
650 0 |a Surgery, Plastic. 
650 6 |a Chirurgie plastique. 
650 7 |a Surgery, Plastic.  |2 fast  |0 (OCoLC)fst01139417 
655 7 |a Educational films.  |2 fast  |0 (OCoLC)fst01726235 
655 7 |a Educational films.  |2 lcgft 
655 7 |a Films éducatifs.  |2 rvmgf 
710 2 |a Mayo Clinic,  |e production company. 
856 4 0 |u http://proxy.library.tamu.edu/login?url=https://www.aspresolver.com/aspresolver.asp?MARC;3253349  |z Connect to this streaming video (Alexander Street Press)  |t 0 
955 |a Alexander Street Press subscription streaming video 
994 |a 92  |b TXA 
999 f f |s d1e8ee26-0b64-4f32-a84f-e8c38b4a7564  |i 2df109df-360f-481c-a6ab-49a6c51791b1  |t 0 
952 f f |a Texas A&M University  |b College Station  |c Electronic Resources  |d Available Online  |t 0  |h Library of Congress classification 
998 f f |t 0  |l Available Online